000
00216 a2200097 4500
001
12868
100
_a
Akbar Ali
245
_a
Pakistan Tarki ke raw per
260
_a
_b
Ali Plaza Muzing Road
_c
090
_c
9848
_d
9848
942
_a
NUST-CAE
_c
M
_c
36764
999
_c
247941
_d
247941